| 000 | 01306nam a2200325 4500 | ||
|---|---|---|---|
| 003 | EG-GICUC | ||
| 005 | 20260121101555.0 | ||
| 008 | 251231s2011 ua ||||fr|||| 000 0 ara d | ||
| 017 | _a2011/19412 | ||
| 020 | _a978-977-04-6867-2 | ||
| 040 |
_a EG-GICUC _bara _c EG-GICUC _d EG-GICUC _erda |
||
| 041 | 0 | _aara | |
| 082 | 0 | 4 |
_221 _a343.651535 _bم م . ع |
| 092 | 0 | 4 | _221 |
| 099 | _aLaw1 10 343.651535 م م . ع 2012 | ||
| 100 | 0 |
_aممدوح خليل البحر. _eمؤلف. |
|
| 245 | 1 | 2 |
_aالعنف ضد النساء والاطفال : _bدراسة في القانون الجنائي والقانون الدولي الإنساني مع بيان موقف التشريع الإماراتي / _cممدوح خليل البحر. |
| 264 | 1 |
_aالقاهرة : _bدار النهضة العربية, _c2011. |
|
| 300 |
_a160 صفحة, صفحات غير مرقمة ؛ _c24 سم. |
||
| 336 |
_2rda content _atext |
||
| 337 |
_2rda media _aComputer |
||
| 338 |
_2rda carrier _aOnline Resource |
||
| 504 | _aيشتمل على إرجاعات ببليوجرافية. | ||
| 546 | _aالنص باللغة العربية | ||
| 650 | 1 |
_aالإجرام العنف. _2qrmak |
|
| 651 | 1 | _2qrmak | |
| 856 | 4 | 0 | _uhttps://fll.law.cu.edu.eg/fulltext/bks/B10-07079.pdf |
| 905 | _a62 | ||
| 942 |
_2ddc _n0 _cBK _e21 |
||
| 999 |
_c53477 _d53477 |
||